000 01096cam a2200253 a 4500
001 000012625
005 20200929163040.0
008 940317s1990 cu b 000 0 spa d
040 _aDO-SdBNP
_bspa
_cBNPHU
082 _a342.029
_bF378b
100 1 _aFerrás Moreno, Angel Domingo,
_d1926-
_929377
240 1 0 _aThe Constitution of the United state of America
_lspa
245 1 3 _aLa bicentenaria Constitución norteaméricana :
_breflexiones breves /
_cAngel Domingo Ferrás Moreno; Edición Alfredo A. Sicre Rivas.
260 _aLa Habana, Cuba :
_bEditorial Ciencias Sociales,
_c1990.
300 _a157 p. ;
_c18 cm.
490 1 _aJurídica
504 _aBibliografía : p. 155-157
534 _aTítulo original:
_tThe Constitution of the United States of America
650 4 _aHistoria constitucional
_zEstados Unidos
_929378
651 4 _aEstados Unidos
_xConstitución
_xEnsayos, Conferencias, Etc.
_929379
651 4 _aEstados Unidos
_xDerecho Constitucional
_929380
700 1 2 _aSicre Rivas, Alfredo A.,
_eed.
_929381
710 1 2 _aEstados Unidos.
_tConstitución.
_lEspañol.
_f1990
_929382
999 _c12279
_d12279